LIBRARY ONLINE CATALOGUE

The Audit process : (Record no. 5833)

MARC details
000 -LEADER
fixed length control field 00648nam a22002412 4500
001 - CONTROL NUMBER
control field 0000002390
003 - CONTROL NUMBER IDENTIFIER
control field OSt
005 - DATE AND TIME OF LATEST TRANSACTION
control field 20180621093311.0
008 - FIXED-LENGTH DATA ELEMENTS--GENERAL INFORMATION
fixed length control field 070410s xx 000 0 eng d
020 ## - INTERNATIONAL STANDARD BOOK NUMBER
International Standard Book Number 1844806782
040 ## - CATALOGING SOURCE
Original cataloging agency KABU
Transcribing agency KABU
050 #0 - LIBRARY OF CONGRESS CALL NUMBER
Classification number HF5667
Item number .G73 2005
100 1# - MAIN ENTRY--PERSONAL NAME
Personal name Gray, Iain.
245 14 - TITLE STATEMENT
Title The Audit process :
Remainder of title principles, practice and cases /
Statement of responsibility, etc. Iain Gray, Stuart Manson.
250 ## - EDITION STATEMENT
Edition statement 3rd ed.
260 ## - PUBLICATION, DISTRIBUTION, ETC. (IMPRINT)
Place of publication, distribution, etc. London :
Name of publisher, distributor, etc. Thomson,
Date of publication, distribution, etc. 2005.
300 ## - PHYSICAL DESCRIPTION
Extent xii, 819 p.
650 #0 - SUBJECT ADDED ENTRY--TOPICAL TERM
Topical term or geographic name as entry element Auditing.
700 1# - ADDED ENTRY--PERSONAL NAME
Personal name Manson, Stuart.
908 ## - PUT COMMAND PARAMETER (RLIN)
Put command parameter 070410
942 ## - ADDED ENTRY ELEMENTS (KOHA)
Source of classification or shelving scheme Library of Congress Classification
Koha item type General Collection
Holdings
Withdrawn status Lost status Source of classification or shelving scheme Not for loan Home library Current library Date acquired Total Checkouts Full call number Barcode Date last seen Date last checked out Price effective from Koha item type
    Library of Congress Classification   Kabarak, Main Campus Kabarak, Main Campus 17/12/2015 1 HF5667 .G73 2005 003361 23/07/2019 22/07/2019 17/12/2015 General Collection